000 00286nam a2200133Ia 4500
100 _aPANDE/S.S.
650 _aPRODUCTION
942 _cBK
366 _f25
245 _aCOMPUTER GRAPHICS AND MODELLING
260 _bNarosa
_aNew Delhi
_c2012
082 _a006.6/PAN
546 _aENGLISH
999 _c21733
_d21733